Fourth of July - Fall Out Boy - All Lyrics - Statistics

General Stats
  • This quiz has been taken 80 times
  • The average score is 445 of 540
Answer Stats
Answer % Correct
You
98%
you
98%
you,
98%
you?
98%
and
97%
And
97%
fire
97%
fire,
97%
I
97%
the
97%
The
97%
were,
97%
were
97%
fireworks
95%
fourth
95%
July
95%
of
95%
It
93%
it
93%
Oh,
93%
was
93%
whoa
93%
to
91%
soon
90%
too
90%
off
88%
I'm
86%
ever
84%
me
84%
sorry
84%
miss
83%
in
81%
In
81%
know
79%
know"
79%
June
78%
that
78%
your
78%
be
76%
my
76%
My
76%
went
76%
I'll
74%
"I'll
74%
love
74%
home
72%
never
72%
on
72%
back
71%
bridges
71%
burned
71%
but
71%
have
71%
I'd
71%
if
71%
if"
71%
just
71%
night
71%
"what
71%
what
71%
What
71%
with
71%
about
69%
did
69%
guess
69%
said
69%
summer
69%
way
69%
at
67%
between
67%
company,
67%
didn't
67%
every
67%
mean
67%
any
66%
are
66%
best
66%
early
66%
get
66%
gloom
66%
got
66%
meant
66%
morning
66%
right
66%
small
66%
song's
66%
talk
66%
being
64%
favorite
64%
let
64%
starting
64%
forget
62%
lonely,
62%
someone
62%
torture
62%
used
62%
Versailles
62%
as
60%
honest
60%
young
60%
head
59%
wish
59%
all
55%
enough
55%
how
55%
stuck
55%
again
53%
cared
53%
light
53%
till
53%
you'll
52%
much
50%
holy
48%
loved
48%
old
48%
scars
48%
thoughts
48%
water
48%
is
47%
known
47%
lie
47%
May
47%
open
47%
cutting
45%
don't
45%
5
43%
9
43%
could
43%
room
43%
tell
43%
honey,
40%
Had
38%
heat
38%
no,
38%
they
38%
cool
36%
or
36%
without
36%
been
34%
out
33%
them
33%
doubts,
26%
drought
26%
cried
21%
No matching quizzes found
Score Distribution
Percent of People with Each Score
Percentile by Number Answered
Your Score History
You have not taken this quiz